00470nam a2200169Ia 450000500170000000800410001702000180005803700130007604000200008904100130010908400200012210000150014224500750015726000360023230000090026836500230027720250326144624.0250326s9999 xx 000 0 und d a0-415-77180-3 aTextbook aFMSLbengcFMSL aeng2eng aX:89ZB P8qFMSL aSharma S D 0aAchieving economic development in the era of globalizationcSharma S D aLondonbLondon, Routledgec2008 a199p b5870.3999999999996